000 00491nam a2200169Ia 4500
003 GCL
008 140319s9999 xx 000 0 ara d
040 _aGCL /
_cGCL
082 0 4 _a217
_bم ا
100 1 _aمحمد السيد الوكيل
245 1 0 _aاسس الدعوة واداب الدعاة /
_cمحمد السيد الوكيل
260 _a[S.N] :
_bدار المجتمع ،
_c1991
300 _a166 ص
490 _a
650 0 4 _aالدعوة والدعاة
942 _2ddc
_cBK
999 _c29750
_d29750